[Event "Burjassot U2200 op 7th"]
[Site "Burjassot"]
[Date "2019.10.25"]
[Round "7"]
[White "Pedrero Gil, Francisco"]
[Black "Gukasov, Artem"]
[Result "1/2-1/2"]
[WhiteElo "1644"]
[BlackElo "1583"]
[PlyCount "89"]
[EventDate "2019.09.06"]
[EventType "swiss"]
[EventRounds "7"]
[EventCountry "ESP"]
[SourceTitle "EXT 2024"]
[Source "ChessBase"]
[SourceDate "2023.10.10"]
[SourceVersion "1"]
[SourceVersionDate "2023.10.10"]
[SourceQuality "1"]

1. e4 e6 2. Nf3 d5 3. Nc3 Nf6 4. e5 Nfd7 5. d4 c5 6. Be3 Nc6 7. Bb5 Be7 8. 0-0 0-0 9. Bxc6 bxc6 10. dxc5 Bxc5 11. Bxc5 Nxc5 12. b4 Nd7 13. Qd4 Qb6 14. Rfd1 Rb8 15. a3 Ba6 16. Rab1 Bc4 17. h3 Qxd4 18. Rxd4 c5 19. bxc5 Nxc5 20. Nd2 Rxb1+ 21. Ncxb1 Rb8 22. Nc3 Ba6 23. Rb4 Rb6 24. Nb3 Rxb4 25. axb4 Nxb3 26. cxb3 Bd3 27. f3 a6 28. Kf2 Bc2 29. Ke3 Bxb3 30. Kd4 Kf8 31. h4 Ke7 32. Kc5 Kd8 33. Ne2 Kc7 34. Nd4 Bc4 35. f4 g6 36. g4 Kd7 37. f5 gxf5 38. gxf5 exf5 39. Nxf5 Ke6 40. Nh6 Bd3 41. Kd4 Be2 42. Ng8 h5 43. Nf6 Bf3 44. Ne8 Kd7 45. Nf6+ 1/2-1/2

[Event "Xativa Murta op 5th"]
[Site "Xativa"]
[Date "2019.07.21"]
[Round "9"]
[White "Castro Santimoteo, Raul"]
[Black "Gukasov, Artem"]
[Result "1-0"]
[WhiteElo "1947"]
[BlackElo "1369"]
[PlyCount "65"]
[EventDate "2019.07.15"]
[EventType "swiss"]
[EventRounds "9"]
[EventCountry "ESP"]
[SourceTitle "EXT 2020"]
[Source "ChessBase"]
[SourceDate "2019.10.17"]
[SourceVersion "1"]
[SourceVersionDate "2019.10.17"]
[SourceQuality "1"]

1. Nf3 Nf6 2. c4 g6 3. b4 Bg7 4. Bb2 d6 5. d4 0-0 6. g3 Bf5 7. Bg2 Nbd7 8. 0-0 Re8 9. Nh4 Bxb1 10. Rxb1 Rb8 11. Qc2 c6 12. Rfd1 Qc7 13. Rbc1 Rbc8 14. Qb3 b6 15. b5 c5 16. Bc6 Red8 17. d5 Nb8 18. f3 Nxc6 19. bxc6 e6 20. e4 Rb8 21. Ng2 a6 22. a4 Qa7 23. e5 Ne8 24. exd6 Nxd6 25. Bxg7 Kxg7 26. Qc3+ Kg8 27. Ne3 b5 28. Ng4 Ne8 29. dxe6 Ng7 30. Rd7 Rxd7 31. exd7 Qb6 32. Qf6 Nf5 33. Re1 1-0

[Event "Xativa Murta op 5th"]
[Site "Xativa"]
[Date "2019.07.16"]
[Round "3"]
[White "Gukasov, Artem"]
[Black "Gomar Juan, Miguel"]
[Result "0-1"]
[WhiteElo "1369"]
[BlackElo "1779"]
[PlyCount "56"]
[EventDate "2019.07.15"]
[EventType "swiss"]
[EventRounds "9"]
[EventCountry "ESP"]
[SourceTitle "EXT 2020"]
[Source "ChessBase"]
[SourceDate "2019.10.17"]
[SourceVersion "1"]
[SourceVersionDate "2019.10.17"]
[SourceQuality "1"]

1. e4 e5 2. Nf3 Nc6 3. Bc4 Nf6 4. d3 Be7 5. Nc3 0-0 6. Be3 d6 7. 0-0 a6 8. a3 Na5 9. Ba2 c5 10. Nd5 Nxd5 11. Bxd5 Nc6 12. c4 Kh8 13. Qd2 f5 14. Bg5 f4 15. Bxe7 Nxe7 16. b4 Nxd5 17. cxd5 b6 18. a4 g5 19. h3 h5 20. Nh2 g4 21. hxg4 hxg4 22. g3 Ra7 23. Qc3 f3 24. Rfc1 Qg5 25. Kf1 Rh7 26. Ke1 Rxh2 27. Kd1 Rxf2 28. Ke1 Qe3+ 0-1